|
|
|
|
| LEADER |
00000nam0a2200000 4500 |
| 001 |
236473 |
| 005 |
20231101231456.0 |
| 010 |
|
|
|a 9785699446261
|
| 035 |
|
|
|a (RuTPU)RU\TPU\book\257637
|
| 090 |
|
|
|a 236473
|
| 100 |
|
|
|a 20130424d2010 m y0rusy50 ca
|
| 101 |
1 |
|
|a rus
|c eng
|
| 102 |
|
|
|a RU
|
| 105 |
|
|
|a y z 000ay
|
| 200 |
1 |
|
|a Черная башня
|e пер. с англ.
|f Л. Байяр
|
| 210 |
|
|
|a Москва
|c Эксмо
|a Санкт-Петербург
|c Домино
|d 2010
|
| 215 |
|
|
|a 414 с.
|
| 225 |
1 |
|
|a Книга-загадка, книга-бестселлер
|
| 330 |
|
|
|a В центре Парижа убит человек. В его кармане обнаружен замусоленный клочок бумаги с адресом доктора Эктора Карпантье. Приступив к расследованию убийства, знаменитый французский сыщик Эжен Франсуа Видок обращается к единственному в Париже доктору с таким именем. Вскоре выясняется, что преступление связано с одной из самых таинственных загадок французской истории — судьбой юного дофина Луи Шарля, сына Марии-Антуанетты и короля Людовика XVI. По официальной версии, дофин претерпел страшную смерть в наводящей ужас парижской темнице, известной как Черная башня. Но что, если мальчик остался жив?
|
| 606 |
1 |
|
|a Американская литература (англо-язычная литература)
|2 stltpush
|3 (RuTPU)RU\TPU\subj\28887
|9 52349
|
| 610 |
1 |
|
|a английская литература
|
| 610 |
1 |
|
|a расследования
|
| 610 |
1 |
|
|a детективы
|
| 610 |
1 |
|
|a криминальные романы
|
| 675 |
|
|
|a 82
|v 3
|
| 700 |
|
1 |
|a Байяр
|b Л.
|g Луи
|
| 801 |
|
1 |
|a RU
|b 63413507
|c 20130424
|
| 801 |
|
2 |
|a RU
|b 63413507
|c 20130515
|g RCR
|
| 942 |
|
|
|c BK
|